00512nam a2200157 a 450000100100000000500170001000800410002704000250006808200130009310000240010624500410013026000340017130000210020595201110022699900170033700002984220200930055841.0110426s1931 sp 000 0 spa d aDO-SdBNPbspacBNPHU axxxbxxx1 aMon Oliverio95659610aUn santito de dulce /cOliverio Mon. aBarcelona :bJuventud,c1931. a320 p. ;c21 cm. 001050718MOaGRbGRcCTd2012-11-07iLF1l0oxxx xxxp29842-10r2020-06-25w2020-06-25y1ZNo se presta c29334d29334